[Event "Geller Memorial op-A 7th"]
[Site "Odessa"]
[Date "2011.08.25"]
[Round "6"]
[White "Bogdanovich, Stanislav"]
[Black "Tovmasian, Vardges"]
[Result "1-0"]
[WhiteElo "2517"]
[BlackElo "2371"]
[PlyCount "129"]
[EventDate "2011.08.20"]
[EventType "swiss"]
[EventRounds "9"]
[EventCountry "UKR"]
[SourceTitle "EXT 2014"]
[Source "ChessBase"]
[SourceDate "2013.11.20"]
[SourceVersion "1"]
[SourceVersionDate "2013.11.20"]
[SourceQuality "1"]

1. Nf3 Nf6 2. c4 e6 3. Nc3 d5 4. d4 Bb4 5. Qa4+ Nc6 6. e3 Bd7 7. Qc2 0-0 8. Be2 dxc4 9. Bxc4 e5 10. dxe5 Ng4 11. Bd3 Ncxe5 12. Bxh7+ Kh8 13. Nxe5 Nxe5 14. a3 Bxc3+ 15. Qxc3 Qg5 16. Be4 Bb5 17. a4 Ba6 18. b4 Qg4 19. b5 Qxe4 20. 0-0 Rfe8 21. Bb2 Re6 22. f3 Qc4 23. bxa6 bxa6 24. Rac1 Qxc3 25. Rxc3 Rb8 26. Ba3 c6 27. Rd1 Rb7 28. e4 f6 29. Kf2 Kg8 30. Rd8+ Kh7 31. Rd6 Re8 32. Rd2 Kg6 33. Bc5 Kf7 34. h3 Nd7 35. Be3 Re6 36. Rdc2 Rc7 37. a5 g5 38. Rc1 Ne5 39. Bd4 Nd7 40. Be3 Ne5 41. Bd4 Nd7 42. Kf1 Rd6 43. Bf2 Re6 44. h4 gxh4 45. Bxh4 c5 46. Bg3 Rb7 47. Bf2 Rb5 48. Bxc5 Rxa5 49. Bxa7 Rd6 50. Be3 Ra2 51. R3c2 Ra3 52. Ke2 Kg6 53. Rd2 Rxd2+ 54. Bxd2 Ra2 55. Rc7 Ne5 56. f4 Nf7 57. Rc6 Kg7 58. Ke3 Nh6 59. Bc3 Rxg2 60. Bxf6+ Kf7 61. Rxa6 Rg6 62. e5 Ng4+ 63. Ke4 Nxf6+ 64. Kf5 Ng8 65. Ra7+ 1-0

[Event "Geller Memorial op-A 7th"]
[Site "Odessa"]
[Date "2011.08.22"]
[Round "3"]
[White "Tovmasian, Vardges"]
[Black "Mirzoev, Emil"]
[Result "1-0"]
[WhiteElo "2371"]
[BlackElo "2138"]
[PlyCount "77"]
[EventDate "2011.08.20"]
[EventType "swiss"]
[EventRounds "9"]
[EventCountry "UKR"]
[SourceTitle "EXT 2014"]
[Source "ChessBase"]
[SourceDate "2013.11.20"]
[SourceVersion "1"]
[SourceVersionDate "2013.11.20"]
[SourceQuality "1"]

1. d4 Nf6 2. c4 e6 3. Nf3 c5 4. d5 exd5 5. cxd5 Bd6 6. Nc3 0-0 7. Bg5 h6 8. Bh4 Re8 9. e3 Bc7 10. d6 Ba5 11. Bc4 a6 12. 0-0 b5 13. Bd5 Nc6 14. Ne4 g5 15. Nfxg5 Nxd5 16. Qxd5 hxg5 17. Bxg5 Re5 18. Bxd8 Rxd5 19. Bxa5 Re5 20. Nf6+ Kf8 21. Bc3 Re6 22. b3 Rxd6 23. Rad1 Rxd1 24. Rxd1 Ra7 25. h4 Ne7 26. h5 Ng8 27. Rd5 d6 28. Nxg8 Kxg8 29. Rxd6 Rd7 30. Rh6 f6 31. Rxf6 Bb7 32. h6 b4 33. Be5 Kh7 34. Bd6 a5 35. Bxc5 Be4 36. Ra6 Rd1+ 37. Kh2 Rd2 38. Kg3 Rd5 39. Rxa5 1-0

[Event "Myrhorod op"]
[Site "Myrhorod"]
[Date "2011.07.14"]
[Round "9"]
[White "Tovmasian, Vardges"]
[Black "Alexikov, Alexander"]
[Result "1/2-1/2"]
[WhiteElo "2371"]
[BlackElo "2353"]
[PlyCount "23"]
[EventDate "2011.07.09"]
[EventType "swiss"]
[EventRounds "9"]
[EventCountry "UKR"]
[SourceTitle "CBM 143 Extra"]
[Source "ChessBase"]
[SourceDate "2011.08.29"]
[SourceVersion "1"]
[SourceVersionDate "2011.08.29"]
[SourceQuality "1"]

1. d4 Nf6 2. c4 g6 3. Nc3 Bg7 4. Nf3 0-0 5. Bf4 d6 6. e3 c6 7. Be2 a6 8. 0-0 b5 9. Nd2 Ne8 10. d5 b4 11. Nce4 Bb7 12. Qb3 1/2-1/2

[Event "Myrhorod op"]
[Site "Myrhorod"]
[Date "2011.07.13"]
[Round "8"]
[White "Chernov, Evgeny"]
[Black "Tovmasian, Vardges"]
[Result "0-1"]
[WhiteElo "2291"]
[BlackElo "2371"]
[PlyCount "90"]
[EventDate "2011.07.09"]
[EventType "swiss"]
[EventRounds "9"]
[EventCountry "UKR"]
[SourceTitle "CBM 143 Extra"]
[Source "ChessBase"]
[SourceDate "2011.08.29"]
[SourceVersion "1"]
[SourceVersionDate "2011.08.29"]
[SourceQuality "1"]

1. c4 Nf6 2. Nf3 e6 3. g3 b6 4. Bg2 Bb7 5. 0-0 c5 6. Nc3 Be7 7. Re1 d6 8. e4 Nbd7 9. d4 cxd4 10. Nxd4 Qc7 11. Ndb5 Qb8 12. Bf4 Ne5 13. Bg5 0-0 14. f4 Nxc4 15. Qe2 Rc8 16. e5 dxe5 17. fxe5 Nd5 18. Bxe7 Nxe7 19. Bxb7 Qxb7 20. b3 a6 21. bxc4 axb5 22. Nxb5 Qc6 23. Nd6 Rc7 24. Qe3 Ng6 25. Reb1 Ra6 26. a4 h6 27. Rb5 Nf8 28. Qf4 Qa8 29. Rf1 Rxa4 30. Rxb6 Qa7 31. Qf2 Ra2 32. Qe3 Nd7 33. Rb3 Nxe5 34. Qxa7 Rcxa7 35. Rb8+ Kh7 36. Rb5 f6 37. Rf2 Ra1+ 38. Kg2 Rc7 39. Re2 Nxc4 40. Nxc4 Rxc4 41. Rxe6 Rc2+ 42. Kf3 Rxh2 43. Re7 Ra3+ 44. Kf4 Rf2+ 45. Kg4 Rg2 0-1

[Event "Myrhorod op"]
[Site "Myrhorod"]
[Date "2011.07.12"]
[Round "6"]
[White "Melnichuk, Mikhail"]
[Black "Tovmasian, Vardges"]
[Result "0-1"]
[WhiteElo "2315"]
[BlackElo "2371"]
[PlyCount "132"]
[EventDate "2011.07.09"]
[EventType "swiss"]
[EventRounds "9"]
[EventCountry "UKR"]
[SourceTitle "CBM 143 Extra"]
[Source "ChessBase"]
[SourceDate "2011.08.29"]
[SourceVersion "1"]
[SourceVersionDate "2011.08.29"]
[SourceQuality "1"]

1. Nf3 Nf6 2. c4 e6 3. Nc3 d5 4. d4 Be7 5. Bg5 0-0 6. e3 h6 7. Bh4 b6 8. cxd5 Nxd5 9. Bxe7 Qxe7 10. Rc1 Bb7 11. Be2 Rc8 12. 0-0 Nd7 13. Nxd5 exd5 14. Qb3 Nf6 15. Rfd1 c5 16. Qa3 Kf8 17. Ba6 Bxa6 18. Qxa6 c4 19. b3 c3 20. Rd3 Qb4 21. Nd2 c2 22. Qa4 a5 23. a3 Qd6 24. b4 axb4 25. Qxb4 Qxb4 26. axb4 Ne4 27. Nb3 Nc3 28. Rd2 Ra3 29. Nc5 bxc5 30. bxc5 Ra2 31. g3 Rb8 32. Rcxc2 Rxc2 33. Rxc2 Ne4 34. Kg2 f5 35. h3 h5 36. h4 Ke7 37. Kf3 Kf6 38. Ra2 Re8 39. Ra6+ Re6 40. Ra8 Rc6 41. Rd8 Ra6 42. Kf4 Nxf2 43. Rxd5 Nd3+ 44. Kf3 Re6 45. Rd8 Nb4 46. Rf8+ Kg6 47. Rd8 Nc2 48. Rd6 Rxd6 49. cxd6 Nb4 50. d7 Nc6 51. Kf4 Kf6 52. d5 Nd8 53. e4 fxe4 54. Kxe4 Nf7 55. Kf4 g6 56. d6 Ke6 57. g4 Kf6 58. gxh5 gxh5 59. Ke4 Nxd6+ 60. Kf4 Nf7 61. Ke4 Nd8 62. Kf4 Ne6+ 63. Ke3 Kf5 64. Kf3 Nd8 65. Kg3 Nf7 66. Kh3 Ke6 0-1

[Event "Myrhorod op"]
[Site "Myrhorod"]
[Date "2011.07.11"]
[Round "5"]
[White "Tovmasian, Vardges"]
[Black "Naboka, Sergey"]
[Result "1-0"]
[WhiteElo "2371"]
[BlackElo "2140"]
[PlyCount "51"]
[EventDate "2011.07.09"]
[EventType "swiss"]
[EventRounds "9"]
[EventCountry "UKR"]
[SourceTitle "CBM 143 Extra"]
[Source "ChessBase"]
[SourceDate "2011.08.29"]
[SourceVersion "1"]
[SourceVersionDate "2011.08.29"]
[SourceQuality "1"]

1. d4 Nf6 2. c4 g6 3. Nc3 Bg7 4. Nf3 0-0 5. Bf4 d6 6. e3 Nbd7 7. Be2 c5 8. d5 Nh5 9. Bg5 h6 10. Bh4 g5 11. Nd2 Nhf6 12. Bg3 Ne5 13. h4 Bf5 14. hxg5 hxg5 15. Bxe5 dxe5 16. Nf3 Nd7 17. Nxg5 e6 18. Nge4 exd5 19. cxd5 Bg6 20. d6 Qa5 21. Kf1 Rad8 22. Nd5 Rfe8 23. Ne7+ Kf8 24. Nxg6+ fxg6 25. Bc4 Nb6 26. Qf3+ 1-0

[Event "Myrhorod op"]
[Site "Myrhorod"]
[Date "2011.07.09"]
[Round "1"]
[White "Tovmasian, Vardges"]
[Black "Mulenko, Alexander"]
[Result "1-0"]
[WhiteElo "2371"]
[BlackElo "2065"]
[PlyCount "123"]
[EventDate "2011.07.09"]
[EventType "swiss"]
[EventRounds "9"]
[EventCountry "UKR"]
[SourceTitle "CBM 143 Extra"]
[Source "ChessBase"]
[SourceDate "2011.08.29"]
[SourceVersion "1"]
[SourceVersionDate "2011.08.29"]
[SourceQuality "1"]

1. d4 Nf6 2. c4 e6 3. a3 d5 4. Nc3 c6 5. cxd5 cxd5 6. Nf3 Nc6 7. Bg5 Be7 8. e3 0-0 9. Bd3 Bd7 10. Rc1 Rc8 11. 0-0 h6 12. Bh4 Ne8 13. Bg3 Bd6 14. Ne5 Bxe5 15. dxe5 d4 16. exd4 Nxd4 17. Qg4 Nf5 18. Rcd1 Qe7 19. Bf4 g6 20. Qh3 h5 21. Bxf5 exf5 22. Nd5 Qe6 23. Bg5 Bb5 24. Ne7+ Kh7 25. Nxc8 Bxf1 26. Kxf1 Qxc8 27. Be7 Rg8 28. Qb3 Kg7 29. h4 Qc7 30. Bb4 Kh7 31. e6 fxe6 32. Qxe6 Ng7 33. Qd5 Re8 34. Kg1 Re2 35. Qd4 a5 36. Bc3 Re7 37. a4 Rf7 38. Qd5 b6 39. Qd8 Qxd8 40. Rxd8 f4 41. Rb8 g5 42. hxg5 Kg6 43. Rxb6+ Kxg5 44. Bxg7 Rxg7 45. Rb5+ Kh4 46. Rxa5 Rd7 47. Rb5 Rd1+ 48. Kh2 Rd2 49. Rb4 Kg5 50. f3 Rd1 51. Rb5+ Kg6 52. a5 Ra1 53. b4 Ra3 54. Rb6+ Kg5 55. a6 Ra1 56. b5 Ra5 57. Rb7 Kh4 58. a7 Rxb5 59. a8Q Rg5 60. Rf7 Rg4 61. Qd8+ Rg5 62. Rxf4# 1-0

[Event "Myrhorod op"]
[Site "Myrhorod"]
[Date "2011.07.09"]
[Round "2"]
[White "Yushinov, Nikolay"]
[Black "Tovmasian, Vardges"]
[Result "0-1"]
[WhiteElo "2162"]
[BlackElo "2371"]
[PlyCount "120"]
[EventDate "2011.07.09"]
[EventType "swiss"]
[EventRounds "9"]
[EventCountry "UKR"]
[SourceTitle "CBM 143 Extra"]
[Source "ChessBase"]
[SourceDate "2011.08.29"]
[SourceVersion "1"]
[SourceVersionDate "2011.08.29"]
[SourceQuality "1"]

1. f4 g6 2. Nf3 Bg7 3. e3 d5 4. Bd3 c5 5. 0-0 Nc6 6. Bb5 Bg4 7. Bxc6+ bxc6 8. h3 Bf5 9. d3 Qb6 10. Nc3 Nf6 11. Ne5 Nd7 12. Nf3 Nf6 13. Ne5 Nd7 14. Nf3 d4 15. exd4 cxd4 16. Ne2 Be6 17. Ng3 0-0 18. Qe2 Rae8 19. b3 c5 20. a4 f5 21. Bd2 Bd5 22. Ne5 Qc7 23. Rae1 Rf6 24. Nxd7 Qxd7 25. Qf2 Re6 26. Rxe6 Qxe6 27. Ne2 Bc6 28. Kh2 Qd5 29. Ng1 e5 30. fxe5 Bxe5+ 31. Kh1 Bc7 32. Re1 Rxe1 33. Bxe1 Qd6 34. Nf3 g5 35. Kg1 g4 36. hxg4 fxg4 37. Ng5 Qh2+ 38. Kf1 Qh1+ 39. Ke2 Qxg2 40. Qxg2 Bxg2 41. Ne6 Bf3+ 42. Kf2 Bd6 43. b4 cxb4 44. Nxd4 Bc5 45. Ke3 h5 46. Bf2 Bc6 47. a5 Ba4 48. Ke2 Kf7 49. a6 h4 50. Nf5 Bxf2 51. Kxf2 Bxc2 52. Ke2 h3 53. Nh6+ Ke6 54. Nxg4 Ba4 55. Kd2 Kf5 56. Nh2 Bb5 57. Kc2 Bxa6 58. Kb3 Bxd3 59. Kxb4 Kf4 60. Kc3 Kg3 0-1

[Event "Zaporozhye Ermak Cup 7th"]
[Site "Zaporozhye"]
[Date "2011.06.27"]
[Round "4"]
[White "Smolin, Sergey"]
[Black "Tovmasian, Vardges"]
[Result "0-1"]
[WhiteElo "2367"]
[BlackElo "2363"]
[PlyCount "100"]
[EventDate "2011.06.25"]
[EventType "swiss"]
[EventRounds "9"]
[EventCountry "UKR"]
[SourceTitle "CBM 143 Extra"]
[Source "ChessBase"]
[SourceDate "2011.08.29"]
[SourceVersion "1"]
[SourceVersionDate "2011.08.29"]
[SourceQuality "1"]

1. e4 e6 2. d4 d5 3. e5 c5 4. dxc5 Nc6 5. Nf3 Bxc5 6. Bd3 f6 7. Qe2 fxe5 8. Nxe5 Nxe5 9. Qxe5 Nf6 10. Bb5+ Kf7 11. 0-0 Rf8 12. Nc3 Kg8 13. Bd3 Bd6 14. Qg5 e5 15. f3 Bd7 16. Bd2 Bc6 17. Rae1 Qb6+ 18. Kh1 Rae8 19. Bc1 e4 20. fxe4 dxe4 21. Bc4+ Kh8 22. Be3 Qxb2 23. Bd4 Be7 24. Bb3 Rd8 25. Be5 h6 26. Qg3 Qa3 27. Nxe4 Bxe4 28. Rxe4 Bd6 29. Qg6 Bxe5 30. Rxe5 Ng4 31. Ree1 Nf2+ 32. Kg1 Qc5 33. Qg3 Rd1 34. Qe3 Qxe3 35. Rxe3 Rxf1+ 36. Kxf1 Ng4+ 37. Ke2 Nxe3 38. Kxe3 g5 39. Bd5 b6 40. Kd4 Kg7 41. Ke5 Rf2 42. Be4 Re2 43. a4 Kf7 44. h3 Ke7 45. c4 Kd7 46. Kf5 Ra2 47. Kg6 Rxa4 48. Bd5 Ra5 49. Bg8 Rc5 50. Kxh6 a5 0-1

[Event "Chigorin Memorial 17th"]
[Site "St Petersburg"]
[Date "2009.10.21"]
[Round "6"]
[White "Bodnaruk, Anastasia"]
[Black "Tovmasian, Vardges"]
[Result "0-1"]
[WhiteElo "2384"]
[BlackElo "2228"]
[PlyCount "62"]
[EventDate "2009.10.16"]
[EventType "swiss"]
[EventRounds "9"]
[EventCountry "RUS"]
[SourceTitle "CBM 132 Extra"]
[Source "ChessBase"]
[SourceDate "2009.11.03"]
[SourceVersion "1"]
[SourceVersionDate "2009.11.03"]
[SourceQuality "1"]

1. e4 e6 2. d4 d5 3. Nc3 Bb4 4. e5 c5 5. a3 Bxc3+ 6. bxc3 Ne7 7. Qg4 0-0 8. Bd3 Nbc6 9. Nf3 f5 10. exf6 Rxf6 11. Bg5 e5 12. Qg3 Rxf3 13. gxf3 c4 14. Be2 Qa5 15. 0-0 Nf5 16. Qg2 Qxc3 17. dxe5 Qxc2 18. Rae1 Be6 19. Bd1 Qc3 20. f4 Ncd4 21. Bg4 Kh8 22. Kh1 h6 23. Bf6 gxf6 24. exf6 Nh4 25. Qg3 Qxg3 26. fxg3 Bxg4 27. gxh4 Bf3+ 28. Kg1 Be4 29. Kf2 Rf8 30. Rd1 Nb3 31. f5 c3 0-1